000
00276nam a2200121Ia 4500
008
190216s9999||||xx |||||||||||||| ||und||
100
_a
Saxena H C
245
0
_a
Elementary Statistics
260
_b
S Chand & Co
_c
1988
300
_a
310p
650
_a
Mathematics
942
_c
BK
999
_c
37199
_d
37199